<?xml version="1.0" encoding="UTF-8"?>
<collection xmlns:xsi="http://www.w3.org/2001/XMLSchema-instance" xsi:schemaLocation="http://www.loc.gov/MARC21/slim http://www.loc.gov/standards/marcxml/schema/MARC21slim.xsd" xmlns="http://www.loc.gov/MARC21/slim">
 <record>
  <leader>00000cmm a22000004i 4500</leader>
  <controlfield tag="001">UP-99796217613391824</controlfield>
  <controlfield tag="003">Buklod</controlfield>
  <controlfield tag="005">20200614084937.0</controlfield>
  <controlfield tag="006">m    |o  d |      </controlfield>
  <controlfield tag="007">cr cu|mmmmuaua</controlfield>
  <controlfield tag="008">180418s2018    xx      o  u |      eng d</controlfield>
  <datafield tag="020" ind1=" " ind2=" ">
   <subfield code="a">9789811087677 (online ISBN)</subfield>
  </datafield>
  <datafield tag="035" ind1=" " ind2=" ">
   <subfield code="a">(iLib)UPD-00516570995</subfield>
  </datafield>
  <datafield tag="040" ind1=" " ind2=" ">
   <subfield code="a">WaSeSS</subfield>
   <subfield code="d">DENGII</subfield>
   <subfield code="e">rda</subfield>
  </datafield>
  <datafield tag="041" ind1=" " ind2=" ">
   <subfield code="a">eng</subfield>
  </datafield>
  <datafield tag="084" ind1=" " ind2=" ">
   <subfield code="a">TJ 241</subfield>
   <subfield code="b">P74 2018eb</subfield>
  </datafield>
  <datafield tag="245" ind1="1" ind2="0">
   <subfield code="a">Precision product-process design and optimization</subfield>
   <subfield code="b">select papers from AIMTDR 2016</subfield>
   <subfield code="c">Sanjay S. Pande, Uday S. Dixit, editors.</subfield>
  </datafield>
  <datafield tag="264" ind1=" " ind2="1">
   <subfield code="a">Singapore</subfield>
   <subfield code="b">Springer Singapore</subfield>
   <subfield code="c">[2018]</subfield>
  </datafield>
  <datafield tag="300" ind1=" " ind2=" ">
   <subfield code="a">1 online resource.</subfield>
  </datafield>
  <datafield tag="336" ind1=" " ind2=" ">
   <subfield code="a">text</subfield>
   <subfield code="2">rdacontent</subfield>
  </datafield>
  <datafield tag="337" ind1=" " ind2=" ">
   <subfield code="a">computer</subfield>
   <subfield code="2">rdamedia</subfield>
  </datafield>
  <datafield tag="338" ind1=" " ind2=" ">
   <subfield code="a">online resource</subfield>
   <subfield code="2">rdacarrier</subfield>
  </datafield>
  <datafield tag="490" ind1="1" ind2=" ">
   <subfield code="a">Lecture Notes on Multidisciplinary Industrial Engineering</subfield>
  </datafield>
  <datafield tag="505" ind1="0" ind2=" ">
   <subfield code="a">PART I: Precision Product Design and Control -- Optimal Design of a Stewart-Gough Platform for Multi- Directional Additive Manufacturing -- Task level Planning and Implementation of Robotic Assembly Under Machine Vision Guidance -- Position and Impedance Control of a Multi-Finger Tendon-Driven Robotic Hand -- A Piezoelectric Actuator Based Compact Micro Manipulation System for Robotic Assembly -- Experimental Studies and Numerical Simulations of a Displacement Amplifying Compliant Mechanism -- PART II: Process Modelling and Optimization -- Numerical Modelling of SLM Additive Manufacturing for Magnesium Alloy -- Finite Element Analysis of Residual Stress in Selective Laser Melting of Ti6Al4V Powder Layer -- Parametric Optimization of 3D Printing Process using MCDM Method -- Towards Development of an Intelligent PCD Insert Clock Testing Method and Prediction of Product Performance -- Focused Ion Beam Fabrication: Process Development and Optimization Strategy for Optical Applications -- Machining Guidelines for Fabricating Microgrooves of Varied Cross-sections by Electrochemical Micromachining -- Multi Response Optimization of Powder Mixed EDM Machining Parameters Using Taguchi Based TOPSIS Method -- Optimization of Single Pitch Error and MRR in a WEDM Gear cutting Process Using MOORA Method -- Abrasive Flow Nano Finishing of High Aspect Channels using Different Polymer Rheological Abrasive Medium -- Optimizing Toolpath Generation in Magnetic Field Assisted Finishing Process During Nanofinishing of Biomaterials -- Study of Surface Integrity in Conventional and Ultrasonic Assisted Turning with Self -lubricating Cutting Inserts -- Parametric Analysis and Optimization of Surface Finish During Microtexturing on Titanium Using Pulsed Nd YAG Laser -- A Novel Approach for Prediction and Calculation of Sheet Thinning in Incremental Sheet Forming -- Optimum allocation of machines with multiple objectives using NSGA-II.</subfield>
  </datafield>
  <datafield tag="506" ind1=" " ind2=" ">
   <subfield code="a">IP-based subscription, on campus and remote access.</subfield>
   <subfield code="c">Access via Electronic Resources of the UPD Engineering Library and University Library websites.</subfield>
  </datafield>
  <datafield tag="533" ind1=" " ind2=" ">
   <subfield code="a">Electronic reproduction.</subfield>
   <subfield code="b">Cham</subfield>
   <subfield code="c">Springer International Publishing</subfield>
   <subfield code="d">2018.</subfield>
   <subfield code="n">Available via World Wide Web through SpringerLink.</subfield>
  </datafield>
  <datafield tag="650" ind1=" " ind2="0">
   <subfield code="a">Manufactures.</subfield>
  </datafield>
  <datafield tag="650" ind1=" " ind2="0">
   <subfield code="a">Engineering design.</subfield>
  </datafield>
  <datafield tag="650" ind1=" " ind2="0">
   <subfield code="a">System safety.</subfield>
  </datafield>
  <datafield tag="650" ind1=" " ind2="0">
   <subfield code="a">Electronic books.</subfield>
  </datafield>
  <datafield tag="700" ind1="1" ind2=" ">
   <subfield code="a">Pande, Sanjay S.</subfield>
   <subfield code="e">editor.</subfield>
  </datafield>
  <datafield tag="700" ind1="1" ind2=" ">
   <subfield code="a">Dixit, Uday S.</subfield>
   <subfield code="e">editor.</subfield>
  </datafield>
  <datafield tag="710" ind1="2" ind2=" ">
   <subfield code="a">SpringerLink (Online service).</subfield>
  </datafield>
  <datafield tag="856" ind1="4" ind2="0">
   <subfield code="z">Available for University of the Philippines System via SpringerLink. Click here to access</subfield>
   <subfield code="u">https://doi.org/10.1007/978-981-10-8767-7</subfield>
  </datafield>
  <datafield tag="856" ind1="4" ind2="0">
   <subfield code="z">Also available remotely for University of the Philippines System via SpringerLink. Click here to access thru EZproxy</subfield>
   <subfield code="u">https://link.springer.com.ezproxy.engglib.upd.edu.ph/book/10.1007%2F978-981-10-8767-7</subfield>
  </datafield>
  <datafield tag="856" ind1=" " ind2=" ">
   <subfield code="z">(viewed 14 June 2020)</subfield>
  </datafield>
  <datafield tag="905" ind1=" " ind2=" ">
   <subfield code="a">FO</subfield>
  </datafield>
  <datafield tag="852" ind1="0" ind2=" ">
   <subfield code="a">UPD</subfield>
   <subfield code="b">DENG-II</subfield>
  </datafield>
  <datafield tag="942" ind1=" " ind2=" ">
   <subfield code="a">Electronic Resource</subfield>
  </datafield>
 </record>
</collection>
